[Event "28th Czech Open A 2017"]
[Site "Pardubice CZE"]
[Date "2017.07.21"]
[Round "1.91"]
[White "Konguvel, Ponnuswamy"]
[Black "Manafov, Vugar"]
[Result "1-0"]
[WhiteTitle "IM"]
[WhiteElo "2388"]
[BlackElo "2165"]
[WhiteFideId "5000548"]
[BlackFideId "13410814"]
[EventDate "2017.07.21"]

1. e4 Nf6 2. e5 Nd5 3. d4 d6 4. Nf3 g6 5. Bc4 Nb6 6. Bb3 Bg7 7. Qe2 Nc6 8. O-O
O-O 9. h3 d5 10. Nc3 Bf5 11. Be3 f6 12. Rad1 Qd7 13. Rfe1 Na5 14. Bf4 Nxb3 15.
axb3 Qc6 16. g4 Be4 17. Nxe4 dxe4 18. Qxe4 Qxe4 19. Rxe4 f5 20. gxf5 Rxf5 21.
Ne1 Rd8 22. Nd3 Nd5 23. Bg3 c6 24. Ra1 a6 25. Nc5 b6 26. Nxa6 Ra8 27. Ra3 e6 28.
c4 Bf8 29. b4 Ne7 30. Nc7 Rxa3 31. bxa3 Kf7 32. Kg2 Nc8 33. b5 cxb5 34. Nxb5 g5
35. h4 h6 36. hxg5 hxg5 37. f3 Be7 38. Re3 Ke8 39. Rb3 Kd7 40. Nc3 Rf8 41. d5
Rf5 42. Ne4 Bd8 43. a4 Ne7 44. a5 exd5 45. Nf6+ Kc6 46. cxd5+ Kb7 47. axb6 Ng6
48. Ne4 Nf4+ 49. Bxf4 Rxf4 50. Nc5+ Kb8 51. b7 1-0

[Event "28th Czech Open A 2017"]
[Site "Pardubice CZE"]
[Date "2017.07.21"]
[Round "1.92"]
[White "Barthel, Ansgar"]
[Black "Tomazini, Aljosa"]
[Result "0-1"]
[BlackTitle "FM"]
[WhiteElo "2164"]
[BlackElo "2387"]
[WhiteFideId "4643461"]
[BlackFideId "14608154"]
[EventDate "2017.07.21"]

1. e4 c5 2. Nf3 e6 3. d4 cxd4 4. Nxd4 Nc6 5. Nc3 Qc7 6. Nxc6 bxc6 7. Bd3 Nf6 8.
O-O Be7 9. Qe2 d5 10. b3 O-O 11. Bb2 a6 12. Na4 Bb7 13. c4 Rfe8 14. Rfe1 dxe4
15. Bxe4 Nxe4 16. Qxe4 c5 17. Qe5 Qxe5 18. Bxe5 Bc6 19. Nc3 f6 20. Bg3 Kf7 21.
Rad1 Red8 22. f3 g5 23. Bc7 Rd4 24. Ne2 Rxd1 25. Rxd1 Rc8 26. Ba5 h5 27. Kf2 h4
28. Nc1 e5 29. Ne2 Ke6 30. Nc3 Bd6 31. Ne4 Be7 32. Nc3 f5 33. Nd5 Bd6 34. Bb6
Bxd5 35. cxd5+ Kd7 36. Rc1 Be7 37. Ke2 Kd6 38. Rd1 Bd8 39. Bxd8 Rxd8 40. Kd3 Rb8
41. Kc3 Rb4 42. a3 Rf4 43. b4 cxb4+ 44. axb4 h3 45. gxh3 Rxf3+ 46. Kc4 Rxh3 47.
Ra1 Rh4+ 48. Kc3 Rxh2 49. Rxa6+ Kxd5 50. Ra5+ Ke4 51. b5 Rh7 52. b6 Rb7 53. Rb5
g4 54. Kd2 f4 55. Ke2 f3+ 56. Kf2 Kf4 57. Rb4+ e4 58. Kf1 g3 59. Kg1 Rh7 0-1

[Event "28th Czech Open A 2017"]
[Site "Pardubice CZE"]
[Date "2017.07.21"]
[Round "1.93"]
[White "Sindarov, Javokhir"]
[Black "Hesse, Henrik"]
[Result "1-0"]
[WhiteTitle "CM"]
[WhiteElo "2383"]
[BlackElo "2164"]
[WhiteFideId "14205483"]
[BlackFideId "12952060"]
[EventDate "2017.07.21"]

1. e4 g6 2. d4 Bg7 3. Nc3 d5 4. exd5 Nf6 5. Bb5+ Nbd7 6. Nf3 O-O 7. O-O Nb6 8.
Re1 Nbxd5 9. Nxd5 Nxd5 10. Bg5 c6 11. Bc4 Re8 12. c3 h6 13. Bh4 Bf5 14. Ne5 g5
15. Bg3 e6 16. a4 Nf6 17. h3 h5 18. a5 g4 19. hxg4 Nxg4 20. a6 b5 21. Bd3 Nxe5
22. Bxf5 exf5 23. Bxe5 Bxe5 24. Rxe5 Rxe5 25. dxe5 Qe7 26. Qxh5 Qxe5 27. Rd1 Qf6
28. Rd7 Kg7 29. Qe2 Qg5 30. Qe5+ Kg8 31. Rd3 Qc1+ 32. Kh2 f4 33. Rh3 1-0

[Event "28th Czech Open A 2017"]
[Site "Pardubice CZE"]
[Date "2017.07.21"]
[Round "1.94"]
[White "Klecker, Tadeas"]
[Black "Kulon, Klaudia"]
[Result "1/2-1/2"]
[BlackTitle "WGM"]
[WhiteElo "2163"]
[BlackElo "2380"]
[WhiteFideId "326950"]
[BlackFideId "1131044"]
[EventDate "2017.07.21"]

1. d4 d5 2. Nf3 c6 3. c4 e6 4. e3 Bd6 5. Nc3 f5 6. Ne5 Nf6 7. f4 O-O 8. Bd3 b6
9. O-O Bb7 10. cxd5 Nxd5 11. Nxd5 cxd5 12. Qe2 Nd7 13. Nxd7 Qxd7 14. g4 fxg4 15.
Qxg4 Rf6 16. Kh1 Raf8 17. Bd2 Kh8 18. Be1 g6 19. Bh4 R6f7 20. Bg5 Be7 21. Qh4
Bxg5 22. Qxg5 Qa4 23. Qe5+ Rf6 24. Rfc1 Ba6 25. Bxa6 Qxa6 26. Rc6 Qe2 27. Rg1
Kg8 28. Rxe6 Qf3+ 29. Rg2 Rf5 30. Qc7 Qf1+ 31. Rg1 Qf3+ 32. Rg2 1/2-1/2

[Event "28th Czech Open A 2017"]
[Site "Pardubice CZE"]
[Date "2017.07.21"]
[Round "1.95"]
[White "Raja, Harshit"]
[Black "Kotyk, Vaclav"]
[Result "1-0"]
[WhiteElo "2377"]
[BlackElo "2157"]
[WhiteFideId "5089000"]
[BlackFideId "384232"]
[EventDate "2017.07.21"]

1. e4 e5 2. Nf3 Nc6 3. Bb5 Nf6 4. d3 d6 5. c3 a6 6. Ba4 Be7 7. O-O O-O 8. Nbd2
Re8 9. Re1 Bf8 10. Nf1 g6 11. Bg5 h6 12. Bd2 b5 13. Bc2 d5 14. h3 d4 15. cxd4
Nxd4 16. Nxd4 Qxd4 17. Qc1 Kh7 18. Bb3 Qd7 19. Re3 c5 20. Rf3 Qe7 21. Be3 c4 22.
dxc4 Be6 23. Nd2 bxc4 24. Bxc4 Rac8 25. b3 Bxc4 26. bxc4 Qe6 27. Rb1 Nxe4 28.
Nxe4 f5 29. Rb7+ Re7 30. Rb6 Rc6 31. Rxc6 Qxc6 32. Bc5 Qxe4 33. Bxe7 Bxe7 34. c5
Bg5 35. Qd1 1-0

[Event "28th Czech Open A 2017"]
[Site "Pardubice CZE"]
[Date "2017.07.21"]
[Round "1.96"]
[White "Machlik, Endre"]
[Black "Plischki, Sebastian"]
[Result "1/2-1/2"]
[BlackTitle "IM"]
[WhiteElo "2157"]
[BlackElo "2376"]
[WhiteFideId "1513605"]
[BlackFideId "4637143"]
[EventDate "2017.07.21"]

1. d4 Nf6 2. c4 g6 3. Nc3 Bg7 4. e4 d6 5. f4 c5 6. d5 O-O 7. Bd3 e6 8. dxe6 fxe6
9. Nf3 Nc6 10. O-O Qe7 11. Bd2 b6 12. Qe1 Nh5 13. Ng5 Nb4 14. Bb1 Ba6 15. Qe2
Bd4+ 16. Kh1 Rae8 17. a3 Nc6 18. Bd3 Na5 19. Rae1 Nb3 20. Be3 Bb7 21. Bc2 Bxe3
22. Qxe3 Nd4 23. Bd1 e5 24. Bxh5 gxh5 25. f5 h6 26. Nf3 Kh7 27. Qf2 Rg8 28. Nh4
Rg4 29. Ng6 Qg5 30. Nd5 Bxd5 31. cxd5 h4 32. Re3 Rg8 33. Rfe1 c4 34. Rc3 b5 35.
a4 a6 36. axb5 axb5 37. Ra3 h5 38. Ra7+ Kh6 39. Rd7 Rxg6 40. fxg6 Rf4 41. Qg1
Qxg6 42. h3 b4 43. Qe3 Nc2 44. Qb6 Nxe1 45. Rxd6 Rf1+ 46. Kh2 Nf3+ 47. gxf3 Rf2+
48. Kh1 Rf1+ 49. Kh2 Rf2+ 50. Kh1 1/2-1/2

[Event "28th Czech Open A 2017"]
[Site "Pardubice CZE"]
[Date "2017.07.21"]
[Round "1.97"]
[White "Erenberg, Ariel"]
[Black "Eryshkanova, Anastasiya"]
[Result "1-0"]
[WhiteTitle "IM"]
[BlackTitle "WFM"]
[WhiteElo "2375"]
[BlackElo "2156"]
[WhiteFideId "2811634"]
[BlackFideId "24119059"]
[EventDate "2017.07.21"]

1. d4 d5 2. c4 c6 3. Nf3 Nf6 4. e3 g6 5. Nc3 Bg7 6. Be2 O-O 7. O-O b6 8. b3 Bb7
9. Qc2 Nbd7 10. e4 dxe4 11. Nxe4 c5 12. Nxf6+ Bxf6 13. Bb2 cxd4 14. Nxd4 Nc5 15.
Rad1 Be4 16. Qc1 Qc8 17. Qe3 a5 18. Bf3 Qb7 19. Bxe4 Qxe4 20. Qxe4 Nxe4 21. Rfe1
Nc5 22. Ba3 Rfd8 23. Nc6 Rxd1 24. Rxd1 Rc8 25. Na7 Rc7 26. Bxc5 Rxc5 27. a4 Bc3
28. g3 Re5 29. Kf1 Kg7 30. Nc6 Re6 31. Nb8 Bb4 32. Na6 Bd6 33. Rd5 Re5 34. Rb5
Rxb5 35. axb5 Kf6 36. Ke2 e5 37. c5 bxc5 38. Kd3 Ke6 39. Kc4 Kd7 40. Kd5 e4 41.
b6 1-0

[Event "28th Czech Open A 2017"]
[Site "Pardubice CZE"]
[Date "2017.07.21"]
[Round "1.98"]
[White "Maj, Kornel"]
[Black "Popov, Mikhail"]
[Result "0-1"]
[BlackTitle "FM"]
[WhiteElo "2155"]
[BlackElo "2374"]
[WhiteFideId "1160613"]
[BlackFideId "4146182"]
[EventDate "2017.07.21"]

1. e4 e6 2. d4 d5 3. Nd2 Nc6 4. c3 e5 5. exd5 Qxd5 6. Ngf3 exd4 7. Bc4 Qd7 8.
O-O dxc3 9. Re1+ Be7 10. bxc3 Nf6 11. Qa4 O-O 12. Bb5 Nd5 13. Ne5 Qe6 14. Bxc6
bxc6 15. Qxc6 Nb6 16. Ndf3 Bd6 17. Be3 Qd5 18. Rad1 Qxc6 19. Nxc6 Be6 20. Nxa7
Rxa7 21. Bxb6 Rxa2 22. Bd4 Bb3 23. Rb1 Bc2 24. Rb5 Bd3 25. Rb7 f6 26. Ra7 Rxa7
27. Bxa7 Ra8 28. Be3 Ra3 29. Rc1 Ra2 30. Nd4 Kf7 31. h4 c5 32. Nb3 c4 33. Nc5
Bf5 34. f3 Re2 35. Bd4 Bg3 36. h5 Ra2 37. Nb7 Ke6 38. Nd8+ Kd7 39. Nb7 Kc7 40.
Nc5 h6 41. Kf1 Bc2 42. Ne6+ Kd6 43. Nxg7 Bd3+ 44. Kg1 Ke7 45. Be3 Kf7 46. Bxh6
Ra8 47. Rd1 Rh8 48. Rxd3 cxd3 49. Nf5 Be1 50. Kf1 Bxc3 51. g4 Rd8 52. Ne3 Bd2
53. Nf5 Bb4 54. Ne3 Ra8 55. Nc4 Ke6 56. Kf2 Bc5+ 57. Ke1 Ra2 58. Bc1 Rc2 59. h6
Rxc4 60. Bf4 Kf7 0-1

[Event "28th Czech Open A 2017"]
[Site "Pardubice CZE"]
[Date "2017.07.21"]
[Round "1.99"]
[White "Khaetsky, Roman"]
[Black "Karousos-Theodorakis, Nikolaos"]
[Result "1-0"]
[WhiteTitle "IM"]
[WhiteElo "2373"]
[BlackElo "2153"]
[WhiteFideId "14106221"]
[BlackFideId "4275829"]
[EventDate "2017.07.21"]

1. e4 c5 2. Nc3 a6 3. Nf3 d6 4. d4 cxd4 5. Nxd4 Nf6 6. Bg5 Nbd7 7. Bd3 Qb6 8.
Nb3 e6 9. O-O Be7 10. a4 O-O 11. a5 Qc7 12. f4 Nc5 13. Nxc5 Qxc5+ 14. Kh1 Bd7
15. e5 dxe5 16. Bxf6 Bxf6 17. Bxh7+ Kxh7 18. Ne4 Qe7 19. fxe5 Bg5 20. Nxg5+ Qxg5
21. Qxd7 Qxe5 22. Qxb7 Qe2 23. Rxf7 Rxf7 24. Qxf7 Rd8 25. Qf1 Qxc2 26. Qb1 Qxb1+
27. Rxb1 Rd5 28. b4 Kg6 29. Kg1 Rb5 30. Kf2 Kf5 31. Ke3 Ke5 32. Kd3 Rb7 33. Kc4
Rc7+ 34. Kb3 g5 35. Re1+ Kf5 36. Re2 e5 37. b5 axb5 38. a6 Ra7 39. Ra2 e4 40.
Kb4 e3 41. Kxb5 Re7 42. a7 e2 43. a8=Q e1=Q 44. Qf8+ Kg6 45. Ra6+ Re6 46. Qg8+
Kf6 47. Qxe6+ Qxe6 48. Rxe6+ Kxe6 49. Kc4 Ke5 50. Kd3 Kf4 51. Kd4 Kf5 52. Ke3
Ke5 53. Kf3 Kf5 54. Kg3 Kf6 55. Kg4 Kg6 56. g3 Kh6 57. Kf5 Kh5 58. g4+ 1-0

[Event "28th Czech Open A 2017"]
[Site "Pardubice CZE"]
[Date "2017.07.21"]
[Round "1.100"]
[White "Dovzhenko, Viktor"]
[Black "Yagupov, Igor"]
[Result "0-1"]
[WhiteTitle "IM"]
[BlackTitle "GM"]
[WhiteElo "2151"]
[BlackElo "2372"]
[WhiteFideId "14105985"]
[BlackFideId "4113632"]
[EventDate "2017.07.21"]

1. e4 c5 2. Nf3 e6 3. Nc3 a6 4. d4 cxd4 5. Nxd4 b5 6. Bd3 Qb6 7. Nb3 Qc7 8. O-O
d6 9. f4 Nf6 10. e5 b4 11. exd6 Qb6+ 12. Kh1 bxc3 13. f5 e5 14. Qe2 Bxd6 15. Bg5
Nbd7 16. bxc3 O-O 17. Rab1 Qc7 18. h3 Re8 19. Qe1 Kh8 20. c4 a5 21. a4 Bb7 22.
Nxa5 Bxg2+ 23. Kxg2 Qxa5 24. Qc1 Qxa4 25. Rb5 Qa6 26. Kg1 Qc6 27. Qd2 Ra3 28.
Rfb1 e4 29. Bxf6 gxf6 30. Bf1 Rg3+ 31. Bg2 Reg8 32. Rd5 e3 33. Qe2 Rxg2+ 34.
Qxg2 Rxg2+ 35. Kxg2 Nb6 0-1

[Event "28th Czech Open A 2017"]
[Site "Pardubice CZE"]
[Date "2017.07.21"]
[Round "1.101"]
[White "Swicarz, Maciej"]
[Black "Munk, Petr"]
[Result "1-0"]
[WhiteElo "2372"]
[BlackElo "2148"]
[WhiteFideId "1113585"]
[BlackFideId "317799"]
[EventDate "2017.07.21"]

1. e4 c5 2. Nf3 Nc6 3. d4 cxd4 4. Nxd4 Nf6 5. Nc3 d6 6. Bg5 e6 7. Qd2 a6 8.
O-O-O Bd7 9. Kb1 b5 10. f3 Rc8 11. g4 Be7 12. h4 b4 13. Nce2 Ne5 14. Ng3 a5 15.
Be3 O-O 16. g5 Ne8 17. f4 Ng4 18. Bg1 e5 19. Ndf5 Be6 20. Bh3 exf4 21. Qxf4 Ne5
22. Bb6 Nc7 23. Nh5 g6 24. Nxe7+ Qxe7 25. Qf6 Qxf6 26. Nxf6+ Kg7 27. Bxa5 Bxa2+
28. Kc1 Ne6 29. Bxb4 Bb3 30. Bc3 Ba4 31. Rxd6 Rxc3 32. bxc3 Rc8 33. Bxe6 Rxc3
34. Bb3 Bxb3 35. Rd8 1-0

[Event "28th Czech Open A 2017"]
[Site "Pardubice CZE"]
[Date "2017.07.21"]
[Round "1.102"]
[White "Dzikowski, Michal"]
[Black "Zvara, Petr"]
[Result "0-1"]
[BlackTitle "IM"]
[WhiteElo "2147"]
[BlackElo "2370"]
[WhiteFideId "1121324"]
[BlackFideId "304000"]
[EventDate "2017.07.21"]

1. d4 Nf6 2. c4 g6 3. Nc3 Bg7 4. e4 d6 5. h3 O-O 6. Be3 Na6 7. Bd3 e5 8. d5 Nc5
9. Bc2 Nh5 10. g3 a5 11. a3 Bd7 12. Rb1 Qe8 13. b4 axb4 14. axb4 Nxe4 15. Nxe4
f5 16. g4 Nf4 17. gxf5 gxf5 18. Ng5 Ng2+ 19. Kf1 Nxe3+ 20. fxe3 Kh8 21. h4 Ra3
22. Bb3 f4 23. e4 f3 24. N1h3 Bh6 25. Qc1 Ra8 26. Nf7+ Rxf7 27. Qxh6 Bxh3+ 28.
Rxh3 Qg8 29. Rh2 Qg3 30. Rhb2 Rg8 31. Qe3 Rf4 32. Qf2 Qh3+ 33. Ke1 Rg2 0-1

[Event "28th Czech Open A 2017"]
[Site "Pardubice CZE"]
[Date "2017.07.21"]
[Round "1.103"]
[White "Pulpan, Jakub"]
[Black "Vinklarek, Ondrej"]
[Result "1-0"]
[WhiteTitle "FM"]
[WhiteElo "2368"]
[BlackElo "2147"]
[WhiteFideId "302759"]
[BlackFideId "318370"]
[EventDate "2017.07.21"]

1. e4 c5 2. Nf3 Nc6 3. Nc3 Nf6 4. Bb5 d6 5. e5 Nd7 6. exd6 exd6 7. O-O Be7 8. d4
a6 9. Bd3 Nf6 10. h3 O-O 11. Bg5 b5 12. Re1 h6 13. Bh4 c4 14. Bxf6 Bxf6 15. Be4
Bb7 16. a4 g6 17. Bd5 b4 18. Ne4 Na5 19. Bxb7 Nxb7 20. Qd2 a5 21. Qxh6 Bg7 22.
Qf4 d5 23. Neg5 Qf6 24. Qh4 Rfe8 25. Qh7+ Kf8 26. Ne5 Re7 27. Ngxf7 Rae8 28. Re3 1-0

[Event "28th Czech Open A 2017"]
[Site "Pardubice CZE"]
[Date "2017.07.21"]
[Round "1.104"]
[White "Bogumil, Tatiana"]
[Black "Heidrich, Manfred"]
[Result "0-1"]
[WhiteTitle "WGM"]
[BlackTitle "FM"]
[WhiteElo "2146"]
[BlackElo "2366"]
[WhiteFideId "4110579"]
[BlackFideId "4602722"]
[EventDate "2017.07.21"]

1. Nf3 f5 2. c4 Nf6 3. g3 g6 4. b3 Bg7 5. Bb2 d6 6. d4 O-O 7. Bg2 Qe8 8. d5 Na6
9. O-O Bd7 10. Nd4 c6 11. Nc3 Nc7 12. Qd2 c5 13. Ne6 Nxe6 14. dxe6 Bxe6 15. Bxb7
Rb8 16. Bg2 Qf7 17. Rab1 Kh8 18. e3 Bc8 19. Rfd1 Bb7 20. Nd5 Nxd5 21. Bxg7+ Qxg7
22. cxd5 Ba6 23. Qa5 Rb6 24. Rbc1 Rfb8 25. h4 Qb2 26. Qa4 Be2 27. Rb1 Qc3 28.
Rdc1 Qb4 29. Qd7 R6b7 30. Qe6 Rf8 31. h5 Rc7 32. a3 Qb8 33. b4 c4 34. hxg6 Rf6
35. Qxf6+ exf6 36. gxh7 Bd3 37. Rb2 Qe8 38. Rc3 Qe5 0-1

[Event "28th Czech Open A 2017"]
[Site "Pardubice CZE"]
[Date "2017.07.21"]
[Round "1.105"]
[White "Koscielski, Janusz"]
[Black "Pajeken, Jakob Leon"]
[Result "1-0"]
[WhiteTitle "FM"]
[WhiteElo "2354"]
[BlackElo "2145"]
[WhiteFideId "4614437"]
[BlackFideId "12942839"]
[EventDate "2017.07.21"]

1. e4 e5 2. Nf3 Nc6 3. Nc3 Nf6 4. Bb5 Bd6 5. a3 Nd4 6. Bc4 c6 7. d3 O-O 8. Nxd4
exd4 9. Ne2 Bb8 10. Ba2 d5 11. f3 Nh5 12. Kf2 dxe4 13. dxe4 c5 14. g4 Nf6 15.
Ng3 h6 16. Kg2 Qe8 17. c3 dxc3 18. bxc3 Bxg3 19. hxg3 Nxg4 20. fxg4 Qxe4+ 21.
Qf3 Qc2+ 22. Qf2 Qe4+ 23. Qf3 Qc2+ 24. Kg1 Be6 25. Rh2 Qg6 26. g5 hxg5 27. Qh1
f5 28. Rh8+ Kf7 29. Qxb7+ 1-0

[Event "28th Czech Open A 2017"]
[Site "Pardubice CZE"]
[Date "2017.07.21"]
[Round "1.106"]
[White "Zimmermann, Luc"]
[Black "Sabol, Marian"]
[Result "1-0"]
[BlackTitle "FM"]
[WhiteElo "2145"]
[BlackElo "2354"]
[WhiteFideId "1007033"]
[BlackFideId "308056"]
[EventDate "2017.07.21"]

1. e4 c5 2. c3 d5 3. exd5 Qxd5 4. d4 g6 5. Nf3 Bg7 6. dxc5 Qxc5 7. Na3 Bxc3+ 8.
bxc3 Qxc3+ 9. Qd2 Qxa1 10. Nb5 Na6 11. Nc3 Bd7 12. Ne5 Nf6 13. Bxa6 bxa6 14.
Nxd7 O-O-O 15. O-O Rxd7 16. Qc2 Rc7 17. Bd2 Qxf1+ 18. Kxf1 Rd8 19. Ke2 Rd4 20.
Qb3 e6 21. Qa3 Kb7 22. Qb2+ Kc8 23. Nb5 Re4+ 24. Kf3 axb5 25. Qxf6 Ra4 26. Qb2
Rc5 27. g4 h5 28. h3 hxg4+ 29. hxg4 Kb7 30. Qf6 Rxa2 31. Qxf7+ Rc7 32. Qf4 a5
33. Be3 Rac2 34. Qe4+ R2c6 35. Qxg6 b4 36. Qd3 Kc8 37. Qb5 Rc3 38. Qe8+ Kb7 39.
Qb5+ Kc8 40. Qxa5 Rb7 41. g5 Rcc7 42. Bd4 b3 43. Bb2 Rf7+ 44. Ke3 Rf5 45. Qa8+
Kc7 46. Qe8 Kd6 47. g6 e5 48. Qd8+ Rd7 49. Qb6+ Ke7 50. Qxb3 Kf6 51. Qb6+ Kg5
52. Qe6 Rg7 53. Bxe5 Rxg6 54. f4+ 1-0

[Event "28th Czech Open A 2017"]
[Site "Pardubice CZE"]
[Date "2017.07.21"]
[Round "1.107"]
[White "Sodoma, Jan"]
[Black "Ungurs, Edgars"]
[Result "1-0"]
[WhiteTitle "IM"]
[WhiteElo "2351"]
[BlackElo "2142"]
[WhiteFideId "323195"]
[BlackFideId "11601205"]
[EventDate "2017.07.21"]

1. d4 Nf6 2. c4 e6 3. Nc3 d5 4. Bg5 Be7 5. e3 h6 6. Bh4 O-O 7. Nf3 b6 8. cxd5
Nxd5 9. Bxe7 Qxe7 10. Nxd5 exd5 11. Qb3 Be6 12. Rc1 Rc8 13. Bd3 c5 14. Qa3 Qf8
15. dxc5 bxc5 16. O-O Nd7 17. Rfd1 Rab8 18. b3 Rb4 19. h3 Rcb8 20. Rd2 a5 21.
Qxa5 Ra8 22. Qc7 Rc8 23. Qg3 c4 24. bxc4 dxc4 25. Bc2 c3 26. Rd6 Rb6 27. Rcd1
Rxd6 28. Rxd6 Nc5 29. Nd4 Bxa2 30. Rxh6 g6 31. Nf5 Nd7 32. Qh4 1-0

[Event "28th Czech Open A 2017"]
[Site "Pardubice CZE"]
[Date "2017.07.21"]
[Round "1.108"]
[White "ter Stal, Rainer"]
[Black "Koykka, Pekka"]
[Result "1/2-1/2"]
[WhiteTitle "CM"]
[BlackTitle "FM"]
[WhiteElo "2140"]
[BlackElo "2351"]
[WhiteFideId "12993603"]
[BlackFideId "504319"]
[EventDate "2017.07.21"]

1. d4 Nf6 2. c4 c5 3. d5 e6 4. f3 b5 5. e4 bxc4 6. Nc3 d6 7. Bxc4 e5 8. Be3 Be7
9. Nge2 O-O 10. O-O Nfd7 11. Qd2 Nb6 12. Bd3 Na6 13. b3 Nb4 14. Bb1 a5 15. a3
Na6 16. Bd3 h6 17. Bb5 Bg5 18. Bxg5 hxg5 19. Bc6 Rb8 20. Nb5 Na8 21. Rab1 Bb7
22. Nec3 N8c7 23. Na7 Ra8 24. Bxb7 Rxa7 25. Bc6 g6 26. Nd1 Nb8 27. Ba4 Kg7 28.
Ne3 f6 29. Nc4 Na8 30. Bb5 Nc7 31. Ba4 Na8 32. Bb5 Nc7 33. Ba4 1/2-1/2

[Event "28th Czech Open A 2017"]
[Site "Pardubice CZE"]
[Date "2017.07.21"]
[Round "1.109"]
[White "Chekletsov, Ilya"]
[Black "Pribila, Gerhard"]
[Result "1-0"]
[WhiteTitle "FM"]
[WhiteElo "2350"]
[BlackElo "2138"]
[WhiteFideId "24177156"]
[BlackFideId "14910543"]
[EventDate "2017.07.21"]

1. d4 d5 2. c4 c6 3. Nf3 e6 4. Qc2 Nf6 5. g3 Bb4+ 6. Nbd2 O-O 7. Bg2 Nbd7 8. O-O
Re8 9. e4 dxe4 10. Nxe4 Nxe4 11. Qxe4 Nf6 12. Qc2 Bd6 13. Rd1 Qe7 14. a3 c5 15.
dxc5 Bxc5 16. b4 Bb6 17. c5 Bc7 18. Bg5 h6 19. Bxf6 Qxf6 20. Nd2 e5 21. Ne4 Qg6
22. Qa4 Bg4 23. Rd2 a6 24. Nd6 Red8 25. Bxb7 Ra7 26. Qc6 Bb8 27. Nxf7 Qxc6 28.
Rxd8+ Kxf7 29. Bxc6 1-0

[Event "28th Czech Open A 2017"]
[Site "Pardubice CZE"]
[Date "2017.07.21"]
[Round "1.110"]
[White "Volotovsky, Kirill"]
[Black "Sochacki, Wojtek"]
[Result "1/2-1/2"]
[BlackTitle "FM"]
[WhiteElo "2136"]
[BlackElo "2350"]
[WhiteFideId "14151634"]
[BlackFideId "651389"]
[EventDate "2017.07.21"]

1. e4 e6 2. d4 d5 3. Nd2 h6 4. Ngf3 Nf6 5. e5 Nfd7 6. c4 Be7 7. Bd3 O-O 8. O-O
c5 9. Bb1 Re8 10. Nb3 dxc4 11. Qc2 Nf8 12. Nxc5 Nbd7 13. Qxc4 Qc7 14. Qa4 Rd8
15. Ne4 Nb8 16. Qc2 Qxc2 17. Bxc2 Nc6 18. Be3 b6 19. Nc3 Ba6 20. Rfd1 Bb4 21.
Be4 Bxc3 22. bxc3 Rac8 23. Rac1 Na5 24. Nd2 Nc4 25. Nxc4 Bxc4 26. Rd2 Ng6 27.
Bxg6 fxg6 28. Rb2 Rd5 29. a3 Kf7 30. Rb4 Ra5 31. Ra1 Ke7 32. f3 Rc6 33. Kf2 1/2-1/2

[Event "28th Czech Open A 2017"]
[Site "Pardubice CZE"]
[Date "2017.07.22"]
[Round "2.1"]
[White "Koop, Thorben"]
[Black "Laznicka, Viktor"]
[Result "1/2-1/2"]
[WhiteTitle "IM"]
[BlackTitle "GM"]
[WhiteElo "2389"]
[BlackElo "2669"]
[WhiteFideId "24661619"]
[BlackFideId "316385"]
[EventDate "2017.07.21"]

1. Nf3 d5 2. c4 c6 3. d4 Nf6 4. cxd5 cxd5 5. Nc3 Nc6 6. Bf4 a6 7. Rc1 Bf5 8. e3
Rc8 9. Be2 e6 10. O-O Nd7 11. Na4 Be7 12. Ne1 b5 13. Nc5 Nxc5 14. dxc5 Bf6 15.
Qb3 e5 16. Bg3 d4 17. a4 Be6 18. Qd1 dxe3 19. fxe3 Qxd1 20. Bxd1 O-O 21. axb5
axb5 22. Be2 b4 23. Bc4 Rfe8 24. Ba6 Rb8 25. Nf3 e4 26. Bxb8 Rxb8 27. Nd2 Bxb2
28. Rb1 Be5 29. Bc4 Bxc4 30. Nxc4 g6 31. Nb6 Rb7 32. Rfd1 f5 33. Rd7 Rxd7 34.
Nxd7 Bg7 35. Nb6 Bf8 36. Nd5 Kf7 37. Kf1 Ke6 38. Nxb4 Nxb4 39. Rxb4 Bxc5 40. Rb3
h5 41. Ke2 h4 42. Rb7 Be7 43. Rb8 Bg5 44. g3 hxg3 45. hxg3 Kf6 46. Rb6+ Kf7 47.
g4 Kg7 48. gxf5 gxf5 49. Rb7+ Kf6 50. Rb6+ Kg7 51. Rb7+ 1/2-1/2

[Event "28th Czech Open A 2017"]
[Site "Pardubice CZE"]
[Date "2017.07.22"]
[Round "2.2"]
[White "Gupta, Abhijeet"]
[Black "Konguvel, Ponnuswamy"]
[Result "1-0"]
[WhiteTitle "GM"]
[BlackTitle "IM"]
[WhiteElo "2625"]
[BlackElo "2388"]
[WhiteFideId "5010608"]
[BlackFideId "5000548"]
[EventDate "2017.07.21"]

1. d4 d6 2. e4 g6 3. c4 Bg7 4. Nf3 Bg4 5. Be2 Nc6 6. Be3 Bxf3 7. Bxf3 e5 8. d5
Nd4 9. O-O Ne7 10. Nc3 O-O 11. Be2 c5 12. dxc6 bxc6 13. Rc1 f5 14. f3 Rb8 15.
Qd2 Kh8 16. b3 Qa5 17. Rfd1 Rbd8 18. Bf1 fxe4 19. fxe4 Ng8 20. h3 Nf6 21. Bd3
Nh5 22. Ne2 Qxd2 23. Rxd2 Nf4 24. Nxd4 exd4 25. Bxf4 Rxf4 26. c5 Bh6 27. Rdc2
Rf6 28. Rd1 dxc5 29. Rxc5 Be3+ 30. Kh1 Rf2 31. Rxc6 Rxa2 32. e5 Re8 33. e6 Rd2
34. Rxd2 Bxd2 35. Rd6 Be3 36. g3 Re7 37. Kg2 Kg7 38. Kf3 Kf6 39. Bc4 Ke5 40. Rd8
Rc7 41. h4 Kf6 42. Re8 h5 43. Ke4 Kg7 44. Rd8 Re7 45. Kd5 Bd2 46. Rb8 Kf6 47.
Kd6 Bh6 48. Rg8 Bg7 49. Kd5 g5 50. Kxd4 gxh4 51. gxh4 Kf5+ 52. Kd5 Kf6 53. Kc6
Bh6 54. Rh8 Bf4 55. Rf8+ Ke5 56. Rf7 1-0

[Event "28th Czech Open A 2017"]
[Site "Pardubice CZE"]
[Date "2017.07.22"]
[Round "2.3"]
[White "Tomazini, Aljosa"]
[Black "Stocek, Jiri"]
[Result "1/2-1/2"]
[WhiteTitle "FM"]
[BlackTitle "GM"]
[WhiteElo "2387"]
[BlackElo "2590"]
[WhiteFideId "14608154"]
[BlackFideId "304760"]
[EventDate "2017.07.21"]

1. d4 Nf6 2. c4 e6 3. Nc3 Bb4 4. Qc2 b6 5. e4 c5 6. d5 Qe7 7. Be2 exd5 8. exd5
Qe4 9. Qxe4+ Nxe4 10. Bd2 Bxc3 11. Bxc3 Nxc3 12. bxc3 d6 13. Bd3 Nd7 14. Nf3 Nf6
15. h3 h6 16. Kd2 Kd8 17. a4 Re8 18. Kc2 Bd7 19. Nd2 Kc7 20. g4 a6 21. f3 Re3
22. Rhf1 Rae8 23. Rg1 Bc8 24. Rh1 h5 25. g5 Ng8 26. Be4 f5 27. gxf6 Nxf6 28. h4
Re2 29. Kd3 Rg2 30. Rhg1 Rxg1 31. Rxg1 Re7 32. Bg6 Bd7 33. Ra1 Bh3 34. Rh1 Bd7
35. Ra1 b5 36. axb5 axb5 37. Be4 bxc4+ 38. Kxc4 Bc8 39. Kd3 Bb7 40. c4 Nd7 41.
Rg1 Ba6 42. Rg5 Nf6 43. Nf1 Nd7 44. Nd2 Nf6 45. Nf1 Nd7 1/2-1/2